000 00783nam a2200253 a 4500
001 BRCA_340
005 20190320202951.0
008 840525s1980 enka 001 0 eng
020 _a0571049222
040 _aDLC
_cDLC
_dDLC
050 4 _aNK4215
_b.C97 1980
100 1 _aCushion, John Patrick
_91128
245 1 0 _aHandbook of Pottery & Porcelain Marks
_ccompiled by J.P. Cushion in collaboration with W.B. Honey
250 _a4th ed. rev. and expanded
260 _aLondres
_bFaber and Faber
_c1980
300 _a272 p.
_bil.
_c26 cm.
500 _aIncluye índice
500 _aDonación Consejo Británico
650 1 4 _aCerámica
_xMarcas
_91129
650 1 4 _aPorcelana
_xMarcas
_91130
700 1 _aHoney, W. B.
_d1889-
_qWilliam Bowyer
_91131
902 _aDCB
942 _2lcc
_cB
999 _c277
_d277